000 01351nam a2200229Ia 4500
003 Ost
005 20260507075556.0
008 260507s9999||||xx |||||||||||||| ||und||
020 _a9957438042
040 _cfsecg
041 _aara
082 _a330
100 _aحلوش، مهند أحمد
_eمؤلف
245 0 _aاقتصاديات الصحة /
_c مهند أحمد حلوش
260 _aعمان:
_bدار رؤى للنشر والتوزيع,
_c2004
300 _a276 صفحة؛
_bإيضاحات ؛
_c24 سم
520 _aالعلوم الإقتصادية و نظريات و تحليل الاقتصاد الصحي الجزئي و سوق العمل الصحي و كذا الانتاج و التكاليف و نظريات تحليل الاقتصاد الجزئي الصحي و اخلاقيات العمل بالمهن و الخدمات الصحية و كذا علم الاقتصاد الصحي اضافة الى دراسة ميدانية للوضع الصحي في الاردن و كذا دراسة مقارنة محلية و عربية و دولية ,كذالك العناصر المؤثرة على شراء التامينات الصحية و اخيرا التعريف ببعض المصطلحات الاقتصادية.
653 _aاقتصاد صحي
653 _aتكاليف الصحية
653 _aصحة
942 _cكتاب
999 _c44967
_d44967